000 00451pab a2200169 454500
008 180718b2009 xxu||||| |||| 00| 0 eng d
100 _aSharma, H.R.
245 _aFormation and functioning of self help groups: micro evidence from Himachal Pradesh
260 _c2009
300 _ap.39-58.
362 _aMar
650 _aSelf help - India - Himachal Pradesh
650 _aSelf help
773 _aArtha Vijnana
908 _aN
909 _a84105
999 _c84105
_d84105